Normal view
MARC view
- Er. E. K Kurien (Guide)
Entry Personal Name
001 - CONTROL NUMBER
- control field: 2330
003 - CONTROL NUMBER IDENTIFIER
- control field: OSt
005 - DATE AND TIME OF LATEST TRANSACTION
- control field: 20171220150331.0
008 - FIXED-LENGTH DATA ELEMENTS
- fixed length control field: 171220|| aca||aabn | a|a d
040 ## - CATALOGING SOURCE
- Original cataloging agency: OSt
- Transcribing agency: OSt
100 ## - HEADING--PERSONAL NAME
- Personal name: Er. E. K Kurien (Guide)
670 ## - SOURCE DATA FOUND
- Source citation: Work cat.: (OSt): JOSNI P ROSHNI P. SEBASTIAN SUSMITHA R. NAIR 2329, Study on the performance of drip emtters
